000
00242nam a22000977a 4500
005
20250901165431.0
008
210330b ||||| |||| 00| 0 eng d
050
_a
HD45 .B412 2020
245
_a
TECHNOLOGY POWERED BUSINESS INNOVATION
942
_2
ddc
999
_c
3895
_d
3895